000 00784nam a22002777a 4500
001 BR2015002597
003 BR-BrBNA
005 20230928104626.0
007 ta
008 230509b bl.||||| |||| 00| 0 por d
040 _aBR-BrBNA
_bpor
_cBiblioteca Nacional de Agricultura
041 _a(Por)
072 _aE13; E14
090 _ E13 BR2015002597
110 1 _aAssociação Brasileira do Agronegócio, São Paulo, SP (Brasil)
_9879
245 1 _aSeminário: instrumentos de crédito e seguro para o agronegócio
260 3 _aSão Paulo, SP (Brasil):
_c2012.
300 _a35 p.
500 _a30 illus.; 9 tables
650 _aCRÉDITO
650 _aSEGURO
650 _aCADEIA PRODUTIVA
650 _aRENDA
909 _a202309
_bLucia
_c55
_dLucia Elande
942 _cBK
999 _c80910
_d80910